| 000 | 00740cam a2200229 a 4500 | ||
|---|---|---|---|
| 003 | UPN | ||
| 005 | 20231007063620.0 | ||
| 008 | 190314s1995 mx a br 000 0 nai d | ||
| 020 | _a9682978696 | ||
| 035 | _aUPN01000229634 | ||
| 040 |
_aMX-MxUPN _bspa _cMX-MxUPN |
||
| 050 | 4 |
_aLB1578.327 Z64 _bO34 1995 |
|
| 245 | 0 | 0 |
_aOde tsame : _blengua zoque Ocotepec, Chiapas : cuarto grado |
| 260 |
_aMéxico : _bSEP, Dirección General de Educación Indígena , _c1995. |
||
| 300 |
_a203 páginas : _bilustraciones |
||
| 650 | 4 |
_aCartilla zoque _98482 |
|
| 650 | 4 |
_aIndígenas de México _zChiapas _xLenguas _926832 |
|
| 650 | 4 |
_aZoque _xEstudio y enseñanza (Elemental) _950178 |
|
| 905 | _aLibro | ||
| 942 |
_2lcc _cLIBRO |
||
| 999 |
_c201729 _d201729 |
||